Elección en las alcaldías 2002, ¿Una nueva esperanza democrática? /

में बचाया:
ग्रंथसूची विवरण
मुख्य लेखक: Rodriguez Céspedes, Florisabel
अन्य लेखक: ed. Zeledón Torres, Fernando ed
स्वरूप: मूलपाठ
प्रकाशित: San José: Fundación Friedrich Ebert
विषय:
टैग: टैग जोड़ें
कोई टैग नहीं, इस रिकॉर्ड को टैग करने वाले पहले व्यक्ति बनें!

MARC

LEADER 00000 a a2200000 04500
001 33105
003
040
020 |a 9977-961-31-X  
090 |a 206404  
100 |a Rodriguez Céspedes, Florisabel  
245 |a Elección en las alcaldías 2002, ¿Una nueva esperanza democrática? /  |c Florisabel Rodriguez Céspedes 
260 |a San José:   |b Fundación Friedrich Ebert  
300 |a 145 p.  
650 |a GOBIERNO LOCAL  
650 |a ELECCIONES  
650 |a CIUDADANIA  
650 |a PARTICIPACION POLITICA  
650 |a VOTACION  
650 |a ENCUESTAS DE OPINION PUBLICA  
650 |a COSTA RICA  
650 |a GOBIERNO LOCAL  
650 |a ELECCIONES  
650 |a PARTICIPACION POLITICA  
650 |a ESTADISTICAS DEMOGRAFICAS  
700 |a ed.   |a Zeledón Torres, Fernando   |a ed.  
999 |c 11230  |d 11230